000 00895nam a2200277 i 4500
001 bg
100 1 _aZBOŚ, Danuta
245 1 0 _aPodstawy programowania w C :
_bpodręcznik dla studentów wyższych szkół technicznych /
_cDanuta Zboś ; Politechnika Krakowska im. Tadeusza Kościuszki.
250 _aWyd. 2 popr.
260 _aKraków :
_bPK,
_c2000.
300 _a152 s. :
_bil. ;
_c24 cm.
490 1 _aInformatyka Stosowana
500 _aWyd. 1 pt.: Wstęp do programowania w C.
504 _aBibliogr. - Indeks.
650 9 _aC (język programowania)
655 _aPodręczniki akademickie
710 0 _aPolitechnika Krakowska im. Tadeusza Kościuszki
830 _aInformatyka Stosowana
020 _a8372421242
040 _cBPK
041 0 _apl
080 _a004.438(075.8)A/Z
920 _a83-7242-124-2
942 _cKS
008 s pl f |000 0 pol
999 _c39623
_d39623
856 _uhttp://koha.tu.koszalin.pl/cgi-bin/koha/opac-detail.pl?biblionumber=39623
_yKatalog online BPK